Ancient Greek Cities - Map Quiz - Statistics

General Stats
  • This quiz has been taken 1,580 times
  • The average score is 12 of 34
Answers on the Map
Answers color-coded by a green-red scale on the quiz's map according to % correct below.
 
Answer Stats
Answer % Correct
Athens
82%
Sparta
78%
Syracuse
74%
Byzantium
71%
Corinth
67%
Neápolis
58%
Rhodes
58%
Massalia
54%
Cyrene
45%
Nicaea
38%
Halicarnassus
37%
Pella
37%
Odessos
36%
Ephesus
34%
Croton
32%
Sinope
32%
Chalcis
30%
Miletus
30%
Elis
28%
Pergamon
28%
Salamis
25%
Actium
24%
Chersonesus
24%
Apollonia
22%
Gortyn
19%
Naucratis
17%
Abdera
13%
Tanais
13%
Demetrias
11%
Tragurion
9%
Akanthos
8%
Histria
8%
Aspendos
7%
Nymphaion
7%
No matching quizzes found
Score Distribution
Percent of People with Each Score
Percentile by Number Answered
Your Score History
You have not taken this quiz